01369naa a22003137a 4500001001000000003000900010005001700019007000300036008003400039040005400073041000900127072002500136090001800161100001400179111009000193245016900283260004200452500014100494650000900635650001400644650001200658650001400670650001500684773013800699909003600837942001400873999001900887952014900906BR9605582BR-BrBNA20240918181709.0ta230509b bl.||||| |||| 00| 0 por d aBR-BrBNAbporcBiblioteca Nacional de Agricultura a(Pt) aF04; H10b2120b4050 aF04 BR96055821 aJaehn, A.1 a12. Congresso Brasileiro de Pesquisas CafeeirascCaxambu, MG (Brazil)d28-31 Oct 19851 aUso de esterco, fumigante e nematicidas na implantacao de lavoura cafeeira em area infestada por Meloidogyne coffeicola, atraves de esterco, fumigante e nematicidas3 aRio de Janeiro, RJ (Brasil): c1985.  a12. Congresso Brasileiro de Pesquisas Cafeeiras. Trabalhos apresentados Rio de Janeiro, RJ (Brasil): 1985. p. 201-202 (BR9605582-AM)F04  aCafe aNematoide aEsterco aFumigante aNematicida0 t12. Congresso Brasileiro de Pesquisas Cafeeiras. Trabalhos apresentadoswF04 BR9605582gRio de Janeiro, RJ (Brasil), 1985. p. 201-202 a202404bLuciac55dLucia Elande cAM2AGRIS c326457d326457 002AGRIS40708Acervo Gerala41918b41918cAgrobasel0o2120 BR9605614r2024-05-20t01yAM10d2024-04-11ePortaria Interministerial nÂș 164/94